Terperangkap
| Main Author: | |
|---|---|
| Format: | Book |
| Published: |
Kuala Lumpur :
Pustaka Buana ,
2005
|
| Subjects: |
MARC
| LEADER | 00000cam a2200000 7i4500 | ||
|---|---|---|---|
| 001 | 0000063935 | ||
| 005 | 20160615.0 | ||
| 008 | 160615 | ||
| 020 | |a 9789832642914 | ||
| 090 | 0 | 0 | |a LIA |b MAL |
| 100 | 0 | |a Liawana | |
| 245 | 1 | 0 | |a Terperangkap |c Liawana |
| 260 | |a Kuala Lumpur : |b Pustaka Buana , |c 2005 | ||
| 300 | |a 116p. | ||
| 650 | 0 | |a Malay fictions | |
| 999 | |a 000954127 |b Book |c Adult Collection |e Cawangan Muar | ||